PRIMI 10 MARCATORI ALL-TIME EUROPEI - Statistics

Statistiche generali
  • Questo quiz è stato fatto 840 volte
  • Il punteggio medio è 6 su 12
Statistiche sulle risposte
GOL NAZIONE Risposta POSIZIONE % Corretto
14 PORTOGALLO RONALDO 1
100%
6 BELGIO LUKAKU 5
86%
6 SVEZIA IBRAHIMOVIC 5
85%
6 FRANCIA HENRY 5
62%
7 FRANCIA GRIEZMANN 3
53%
9 FRANCIA PLATINI 2
52%
6 INGHILTERRA ROONEY 5
52%
6 SPAGNA MORATA 5
44%
7 INGHILTERRA SHEARER 3
35%
6 OLANDA VAN NISTELROOY 5
22%
6 OLANDA KLUIVERT 5
13%
6 PORTOGALLO GOMES 5
4%
Nessun quiz corrispondente trovato
Distribuzione punteggi
Percentuale di utenti per punteggio
Percentile per numero di risposta
I tuoi punteggi nel tempo
Non hai fatto questo quiz